000 004630000a22001210004500
100 1 _aGarcia, Delfín.
245 1 0 _aGinseng, la raiz del bienestar.
300 _aVol.17, no.193 (2000),p. 62-65
520 _aLa historia de ésta planta en la farmacopea china, utilizada desde hace 5.000 años y tan solo superada por la Ginkgo Biloba, representa el elixir de la vida que todo lo cura.
650 1 4 _aNATURALEZA
773 0 _tRevista muy interesante
942 _cANA
999 _c63226
_d63226